00508 2200217 4500001002100000005001500021035002000036007000300056008004100059082001200100084001200112245001500124260002800139300003900167650001500206040001700221090001400238850001200252041000800264990001800272INLIS00000000079381920180721122750 a0010-0718000825ta180721 g 0 ind  223a301 a301 PRO0 aPropaganda aDjokja :b[s.l.],c1947 a26 halaman :bIlustrasi ;c17,5 cm 4aPropaganda aYOPDYOGbind aL 301 PRO aYOPDYOG0 aind a59714-PD/A.18